Normal view MARC view

Entry Nome pessoal

Number of records used in: 1

001 - NÚMERO DE CONTROLE

  • campo de controle: 642

003 - IDENTIFICADOR DO NÚMERO DE CONTROLE

  • campo de controle: Br

005 - DATA E HORÁRIO DA ÚLTIMA TRANSAÇÃO

  • campo de controle: 20250326102724.0

008 - CAMPO DE DADOS FIXOS

  • campo de controle de tamanho fixo: 990701|| acnnnaab| aaaa d

035 ## - NÚMERO DE CONTROLE DO SISTEMA

  • Número de Controle do Sistema: 99070115064111042

040 ## - FONTE DA CATALOGAÇÃO

  • Instituição da catalogação original: Br
  • Instituição que transcreveu o registro: Br
  • Convenções de cabeçalho de assunto/tesauros: Br

100 1# - CABEÇALHO--NOME PESSOAL

  • Nome pessoal: Lawrence, D. H.
  • Datas associadas ao nome: 1885-1930
  • Títulos e outras palavras associadas a um nome: David Herbert Lawrence

400 1# - REMISSIVA VER--NOME PESSOAL

  • Nome pessoal: Lawrence, David Herbert
  • Datas associadas ao nome: 1885-1930

400 1# - REMISSIVA VER--NOME PESSOAL

  • Nome pessoal: Davison, Lawrence H.
  • Datas associadas ao nome: 1885-1930
  • Forma completa do nome: (Lawrence Herbert)

670 ## - FONTE POSITIVA DOS DADOS

  • Citação da fonte positiva dos dados: Assunto de: Reul, Paul de. Loeauvre de D. H. Lawrence. 1937.

670 ## - FONTE POSITIVA DOS DADOS

  • Citação da fonte positiva dos dados: LC on-line 01/07/99
  • Dados encontrados na fonte localizada no subcampo: (D.;rem.)

670 ## - FONTE POSITIVA DOS DADOS

  • Citação da fonte positiva dos dados: https://pt.wikipedia.org/wiki/D._H._Lawrence 02/03/2016
  • Dados encontrados na fonte localizada no subcampo: (nasceu em Nottingham, 11 de setembro de 1885 e faleceu em Vence, 2 de março de 1930 ; controverso e prolífico escritor inglês, conhecido pelos seus romances, poemas e livros de viagens. Pertence à escola modernista)

Powered by Koha